logo

Bir Sreshtho Munshi Abdur Rouf Library
Jhenaidah Cadet College

শিক্ষা ও সমাজকাঠামো / (Record no. 7555)

MARC details
000 -LEADER
fixed length control field 00802nam a22002537a 4500
001 - CONTROL NUMBER
JCCL Control Number 7555
003 - CONTROL NUMBER IDENTIFIER
JCCL marc code BD-JhCC
005 - DATE AND TIME OF LATEST TRANSACTION
control field 20180718194438.0
008 - FIXED-LENGTH DATA ELEMENTS--GENERAL INFORMATION
fixed length control field 180211b1997 bg ||||| |||| 00| 0 ben d
020 ## - INTERNATIONAL STANDARD BOOK NUMBER
International Standard Book Number 9844152089
035 ## - SYSTEM CONTROL NUMBER
system control number (BD-JhCC)7555
040 ## - CATALOGING SOURCE
Original cataloging agency BD-JhCC
Modifying agency BD-JhCC
041 ## - LANGUAGE CODE
Language code of Book ben
082 ## - DEWEY DECIMAL CLASSIFICATION NUMBER
Classification number 370.1
Author mark and Year RAS 2007
100 ## - MAIN ENTRY--PERSONAL NAME
Personal name রাসেল, বার্ট্রান্ড
245 ## - TITLE STATEMENT
Title শিক্ষা ও সমাজকাঠামো /
Statement of responsibility, etc বার্ট্রান্ড রাসেল এবং আরশাদ অাজিজ (অনু.)
260 ## - PUBLICATION, DISTRIBUTION, ETC. (IMPRINT)
Place of publication, distribution, etc ঢাকা :
Name of publisher, distributor, etc অবসর,
Date of publication, distribution, etc ২০০৭.
300 ## - PHYSICAL DESCRIPTION
Pagination 124 p. :
Dimensions 22 cm.
650 ## - SUBJECT ADDED ENTRY--TOPICAL TERM
Topical term or geographic name as entry element Education
650 ## - SUBJECT ADDED ENTRY--TOPICAL TERM
Topical term or geographic name as entry element Society
700 ## - ADDED ENTRY--PERSONAL NAME
Personal name অাজিজ, আরশাদ
942 ## - ADDED ENTRY ELEMENTS (KOHA)
Source of classification or shelving scheme Dewey Decimal Classification
Koha item type Books
Holdings
Source of classification or shelving scheme Damaged status Not for loan Home library Current library Shelving location Date of accession Cost, normal purchase price Total Checkouts Full call number Barcode Date last seen Copy number Koha item type Source of acquisition
Dewey Decimal Classification     JCC Rouf Library JCC Rouf Library General Stacks 02/11/2018 120.00   370.1 RAS 2007 10147 10/22/2023 C - 1 Books  
Dewey Decimal Classification     JCC Rouf Library JCC Rouf Library General Stacks   120.00   370.1 RAS 2007 12503 03/13/2018 C - 2 Books Zahedee Foundation

JCC Library | Contacts | JCC Home

Last Update on 23 September 2017
Copyright @ 2017-2020 JCC Rouf Library
Rouf Library, Jhenidah Cadet College (JCC), Bangladesh